[Event "Nuremberg Zabo op 18th"]
[Site "Nuremberg"]
[Date "2016.09.17"]
[Round "3"]
[White "Haas, Maximilian"]
[Black "Brockbank, Henry W"]
[Result "1/2-1/2"]
[WhiteElo "1744"]
[BlackElo "2057"]
[PlyCount "38"]
[EventDate "2016.09.16"]
[EventType "swiss"]
[EventRounds "5"]
[EventCountry "GER"]
[SourceTitle "EXT 2018"]
[Source "ChessBase"]
[SourceDate "2017.10.13"]
[SourceVersion "1"]
[SourceVersionDate "2017.10.13"]
[SourceQuality "1"]

1. e4 d5 2. exd5 Nf6 3. d4 Bg4 4. f3 Bf5 5. c4 e6 6. dxe6 Nc6 7. Be3 fxe6 8. a3 Qd7 9. Nc3 0-0-0 10. Nge2 Qe8 11. Qa4 e5 12. d5 Nd4 13. Bxd4 exd4 14. Qxe8 Rxe8 15. Ne4 Bxe4 16. fxe4 Rxe4 17. 0-0-0 d3 18. Nc3 Rxc4 19. Bxd3 Rf4 1/2-1/2

[Event "BCF-chT3 1011 (4NCL)"]
[Site "England"]
[Date "2011.02.19"]
[Round "5.40"]
[White "Adebajo, Olufemi"]
[Black "Brockbank, Henry W"]
[Result "1/2-1/2"]
[WhiteElo "1971"]
[BlackElo "2105"]
[PlyCount "45"]
[EventDate "2010.11.06"]
[EventType "team-swiss"]
[EventRounds "9"]
[EventCountry "ENG"]
[SourceTitle "EXT 2012"]
[Source "ChessBase"]
[SourceDate "2011.11.24"]
[SourceVersion "1"]
[SourceVersionDate "2011.11.24"]
[SourceQuality "1"]
[WhiteTeam "FCA Solutions II"]
[BlackTeam "Halesowen"]
[WhiteTeamCountry "ENG"]
[BlackTeamCountry "ENG"]

1. e4 d5 2. exd5 Nf6 3. Bb5+ Bd7 4. Bxd7+ Qxd7 5. Nf3 Qxd5 6. 0-0 e6 7. b3 Be7 8. d4 c6 9. Bb2 0-0 10. c4 Qa5 11. Qd3 Nbd7 12. Nc3 Ba3 13. Bxa3 Qxa3 14. Rad1 Qa5 15. Rfe1 Rfd8 16. Qc2 Qc7 17. Ne4 Qf4 18. Ng3 Rac8 19. b4 a6 20. a4 Qd6 21. Qb3 b5 22. axb5 axb5 23. c5 1/2-1/2

[Event "BCF-chT3 0910 (4NCL)"]
[Site "England"]
[Date "2010.02.20"]
[Round "5.1"]
[White "Balendran, Baven"]
[Black "Brockbank, Henry W"]
[Result "1/2-1/2"]
[WhiteElo "1858"]
[BlackElo "2109"]
[PlyCount "35"]
[EventDate "2009.10.24"]
[EventType "team-tourn"]
[EventRounds "11"]
[EventCountry "ENG"]
[SourceTitle "EXT 2011"]
[Source "ChessBase"]
[SourceDate "2010.11.26"]
[SourceVersion "1"]
[SourceVersionDate "2010.11.26"]
[SourceQuality "1"]
[WhiteTeam "KJCA Knights"]
[BlackTeam "Halesowen"]
[WhiteTeamCountry "ENG"]
[BlackTeamCountry "ENG"]

1. e4 d5 2. exd5 Nf6 3. Nc3 Nxd5 4. Bc4 c6 5. Qf3 e6 6. Nge2 Be7 7. 0-0 0-0 8. d4 Nd7 9. Nxd5 exd5 10. Bd3 Nf6 11. h3 Re8 12. Be3 g6 13. Bh6 Ne4 14. Ng3 Bg5 15. Bxg5 Nxg5 16. Qd1 Qf6 17. c3 Bd7 18. Rc1 1/2-1/2

[Event "BCF-chT3 0809 (4NCL)"]
[Site "Hinckley Island"]
[Date "2009.03.21"]
[Round "7.1"]
[White "Baptie, Justin P"]
[Black "Brockbank, Henry W"]
[Result "1/2-1/2"]
[WhiteElo "2101"]
[BlackElo "2103"]
[PlyCount "54"]
[EventDate "2008.10.18"]
[EventType "team-swiss"]
[EventRounds "11"]
[EventCountry "ENG"]
[SourceTitle "EXT 2010"]
[Source "ChessBase"]
[SourceDate "2010.11.25"]
[SourceVersion "1"]
[SourceVersionDate "2010.11.25"]
[SourceQuality "1"]
[WhiteTeam "Slough Sharks"]
[BlackTeam "Halesowen"]
[WhiteTeamCountry "ENG"]
[BlackTeamCountry "ENG"]

1. e4 d5 2. exd5 Nf6 3. Bb5+ Bd7 4. Be2 Nxd5 5. d4 Bf5 6. Nf3 e6 7. 0-0 Be7 8. a3 0-0 9. c4 Nb6 10. Nc3 a5 11. Be3 N8d7 12. Qd2 a4 13. Rfd1 Nf6 14. Rac1 Ne4 15. Nxe4 Bxe4 16. Ne5 Bf6 17. Bf3 Bxf3 18. Nxf3 Ra6 19. Bf4 Qe7 20. Qb4 Qxb4 21. axb4 Rc8 22. Ne5 c6 23. g4 h6 24. Kg2 a3 25. bxa3 Rxa3 26. b5 cxb5 27. cxb5 Rac3 1/2-1/2

[Event "South Wales Winter op"]
[Site "Newport"]
[Date "2008.01.05"]
[Round "2"]
[White "Brockbank, Henry W"]
[Black "Turner, John David"]
[Result "1/2-1/2"]
[WhiteElo "1979"]
[BlackElo "1951"]
[PlyCount "38"]
[EventDate "2008.01.04"]
[EventType "swiss"]
[EventRounds "5"]
[EventCountry "WLS"]
[SourceTitle "EXT 2010"]
[Source "ChessBase"]
[SourceDate "2010.11.25"]
[SourceVersion "1"]
[SourceVersionDate "2010.11.25"]
[SourceQuality "1"]

1. c4 e5 2. Nc3 Nf6 3. Nf3 Nc6 4. e3 d5 5. cxd5 Nxd5 6. Bb5 Nxc3 7. bxc3 Bd6 8. d4 Bd7 9. Bxc6 Bxc6 10. dxe5 Bxf3 11. Qxf3 Bxe5 12. 0-0 0-0 13. Ba3 Re8 14. Qxb7 Rb8 15. Qc6 Re6 16. Qc4 Rh6 17. g3 Qd7 18. Qe4 Bxc3 19. Rac1 Ba5 1/2-1/2

[Event "Hawick op"]
[Site "Hawick"]
[Date "2006.06.25"]
[Round "5"]
[White "Brockbank, Henry W"]
[Black "Foster, James C"]
[Result "1/2-1/2"]
[WhiteElo "1845"]
[BlackElo "1720"]
[PlyCount "36"]
[EventDate "2006.06.23"]
[EventType "swiss"]
[EventRounds "5"]
[EventCountry "SCO"]
[SourceTitle "CBM 113 Extra"]
[Source "ChessBase"]
[SourceDate "2006.09.14"]
[SourceVersion "1"]
[SourceVersionDate "2006.09.14"]
[SourceQuality "1"]

1. c4 e6 2. g3 d5 3. Bg2 c6 4. Qc2 Bd6 5. d4 Nd7 6. Nf3 Ne7 7. 0-0 Ng6 8. Nbd2 f5 9. e3 Nf6 10. b3 h5 11. Bb2 Nf8 12. Ne5 g5 13. f3 Qe7 14. e4 h4 15. exf5 hxg3 16. hxg3 exf5 17. Rae1 Be6 18. Kf2 g4 1/2-1/2

[Event "Hawick op"]
[Site "Hawick"]
[Date "2006.06.24"]
[Round "3"]
[White "Maxwell, Alistair"]
[Black "Brockbank, Henry W"]
[Result "1-0"]
[WhiteElo "2032"]
[BlackElo "1845"]
[PlyCount "77"]
[EventDate "2006.06.23"]
[EventType "swiss"]
[EventRounds "5"]
[EventCountry "SCO"]
[SourceTitle "CBM 113 Extra"]
[Source "ChessBase"]
[SourceDate "2006.09.14"]
[SourceVersion "1"]
[SourceVersionDate "2006.09.14"]
[SourceQuality "1"]

1. d4 f5 2. Nf3 Nf6 3. c4 g6 4. Nc3 Bg7 5. Qc2 d6 6. g3 0-0 7. Bg2 Nc6 8. 0-0 e5 9. dxe5 dxe5 10. Rd1 Qe7 11. Nd5 Nxd5 12. cxd5 Nd4 13. Nxd4 exd4 14. Qc4 Kh8 15. e3 dxe3 16. Bxe3 Rd8 17. Re1 Qf7 18. Bc5 Bf6 19. Bd4 Bxd4 20. Qxd4+ Kg8 21. Re5 Bd7 22. Rae1 Re8 23. Qc5 Rxe5 24. Rxe5 Re8 25. Rxe8+ Qxe8 26. Qxc7 Qe1+ 27. Bf1 Bb5 28. Qc8+ Qe8 29. Qxb7 Bxf1 30. Kxf1 Qe4 31. Qb8+ Kf7 32. Qxa7+ Kf6 33. Qb6+ Kg7 34. Qc7+ Kg8 35. Qc8+ Kg7 36. Qe6 Qb1+ 37. Kg2 Qxb2 38. Qe7+ Kg8 39. d6 1-0

[Event "North Sea tt 1st Bd3 corr"]
[Site "England"]
[Date "1998.??.??"]
[Round "?"]
[White "Brockbank, Henry W"]
[Black "Strand, Karl Wilhelm"]
[Result "1/2-1/2"]
[WhiteElo "2403"]
[BlackElo "2447"]
[PlyCount "49"]
[EventDate "1998.??.??"]
[EventType "team (corr)"]
[EventRounds "10"]
[EventCountry "ENG"]
[SourceTitle "Corr 2002"]
[Source "ChessBase"]
[SourceDate "2002.05.23"]
[SourceVersion "1"]
[SourceVersionDate "2002.05.23"]
[SourceQuality "1"]

1. Nf3 d5 2. g3 Nf6 3. Bg2 c6 4. 0-0 Bg4 5. d4 Nbd7 6. Nbd2 Qc7 7. c4 e6 8. b3 Be7 9. Bb2 0-0 10. a3 Rfe8 11. Rc1 Rad8 12. b4 Qb8 13. Re1 h6 14. Qb3 Bf5 15. b5 Ne4 16. Nxe4 Bxe4 17. Nd2 Bxg2 18. Kxg2 dxc4 19. Nxc4 cxb5 20. Qxb5 a6 21. Qb3 b5 22. Na5 Qa8+ 23. f3 Rc8 24. e4 Rxc1 25. Rxc1 1/2-1/2

[Event "Martinez Acosta mem-A corr"]
[Site "Argentina"]
[Date "1995.??.??"]
[Round "?"]
[White "Acha, Jorge Jose"]
[Black "Brockbank, Henry W"]
[Result "0-1"]
[WhiteElo "2343"]
[BlackElo "2403"]
[PlyCount "77"]
[EventDate "1995.11.??"]
[EventType "tourn (corr)"]
[EventRounds "16"]
[EventCountry "ARG"]
[EventCategory "4"]
[SourceTitle "Corr 2002"]
[Source "ChessBase"]
[SourceDate "2002.05.23"]
[SourceVersion "1"]
[SourceVersionDate "2002.05.23"]
[SourceQuality "1"]

1. e4 c5 2. Nf3 d6 3. Bb5+ Bd7 4. Bxd7+ Qxd7 5. c4 Nf6 6. Nc3 Nc6 7. 0-0 g6 8. d4 cxd4 9. Nxd4 Bg7 10. Nde2 0-0 11. f3 e6 12. Bg5 h6 13. Bh4 g5 14. Bg3 Rad8 15. Qd2 d5 16. cxd5 exd5 17. exd5 Nxd5 18. Nxd5 Qxd5 19. Qxd5 Rxd5 20. Rfd1 Bxb2 21. Rxd5 Bxa1 22. h4 Rd8 23. Rb5 Rd2 24. hxg5 Rxe2 25. gxh6 Re6 26. h7+ Kxh7 27. Rxb7 Re7 28. Rxe7 Nxe7 29. Bf2 Nc6 30. Kf1 Nd4 31. Be3 a5 32. Bd2 a4 33. Kf2 Nb5 34. Ke3 Nc3 35. Bxc3 Bxc3 36. Ke4 Kh6 37. Kd3 Bb2 38. g3 Kg5 39. Ke3 0-1

[Event "Martinez Acosta mem-A corr"]
[Site "Argentina"]
[Date "1995.??.??"]
[Round "?"]
[White "Hegoburu, Pedro Federico"]
[Black "Brockbank, Henry W"]
[Result "0-1"]
[WhiteElo "2512"]
[BlackElo "2403"]
[PlyCount "98"]
[EventDate "1995.11.??"]
[EventType "tourn (corr)"]
[EventRounds "16"]
[EventCountry "ARG"]
[EventCategory "4"]
[SourceTitle "Corr 2002"]
[Source "ChessBase"]
[SourceDate "2002.05.23"]
[SourceVersion "1"]
[SourceVersionDate "2002.05.23"]
[SourceQuality "1"]

1. e4 c5 2. Nf3 d6 3. d4 cxd4 4. Nxd4 Nf6 5. Nc3 g6 6. Be3 Bg7 7. f3 0-0 8. Qd2 Nc6 9. 0-0-0 d5 10. Qe1 e5 11. Nxc6 bxc6 12. exd5 Nxd5 13. Bc4 Be6 14. Ne4 Qc7 15. Bc5 Rfd8 16. Ng5 Bh6 17. Qh4 Kg7 18. Bxd5 Bxg5+ 19. Qxg5 f6 20. Qe3 cxd5 21. Qc3 Rdc8 22. Bb4 Qxc3 23. Bxc3 d4 24. Bb4 Bxa2 25. Kd2 Be6 26. Ra1 Rcb8 27. Ba3 Rb5 28. Rhe1 Rd8 29. f4 Bf5 30. h3 e4 31. Ke2 Be6 32. Kd1 f5 33. b3 Rd7 34. Bb2 Kf7 35. Kd2 d3 36. Ra3 dxc2+ 37. Kxc2 Rdb7 38. Re3 Bc4 39. Rc3 Bf1 40. g4 Bd3+ 41. Kd2 fxg4 42. hxg4 h5 43. g5 Bf1 44. Ke1 Bd3 45. Bc1 Ke6 46. Ra6+ Kf5 47. Rf6+ Kg4 48. Rxg6 Rxb3 49. Rxb3 Rxb3 0-1

[Event "Martinez Acosta mem-A corr"]
[Site "Argentina"]
[Date "1995.??.??"]
[Round "?"]
[White "Strand, Torgeir"]
[Black "Brockbank, Henry W"]
[Result "1-0"]
[WhiteElo "2370"]
[BlackElo "2403"]
[PlyCount "63"]
[EventDate "1995.11.??"]
[EventType "tourn (corr)"]
[EventRounds "16"]
[EventCountry "ARG"]
[EventCategory "4"]
[SourceTitle "Corr 2002"]
[Source "ChessBase"]
[SourceDate "2002.05.23"]
[SourceVersion "1"]
[SourceVersionDate "2002.05.23"]
[SourceQuality "1"]

1. e4 c5 2. c3 Nf6 3. e5 Nd5 4. d4 cxd4 5. cxd4 d6 6. Bc4 Nb6 7. Bb3 dxe5 8. Qh5 e6 9. dxe5 Qd3 10. Qe2 Qxe2+ 11. Nxe2 N8d7 12. f4 Nc5 13. Bc2 Nd5 14. a3 a5 15. Nbc3 Nxc3 16. Nxc3 Bd7 17. Be3 Bc6 18. Kf2 a4 19. Rhd1 Be7 20. Rd2 Nb3 21. Bxb3 axb3 22. Rad1 b5 23. Ne2 b4 24. axb4 Bxb4 25. Rd4 Rb8 26. Rc1 Bd5 27. Rxb4 Rxb4 28. Rc8+ Ke7 29. Rxh8 Ra4 30. Bc5+ Kd7 31. Rxh7 Rc4 32. Ba3 1-0